| 000 | 00563nam a2200145 a 4500 | ||
|---|---|---|---|
| 001 | ASINB0006C0DKE | ||
| 005 | 20150413002500.0 | ||
| 008 | 150413s1970 xxu eng d | ||
| 100 | 1 | _aDavenport, Wilbur B. | |
| 245 | 1 | 0 |
_aProbability and random processes; : _ban introduction for applied scientists and engineers / _cWilbur B Davenport. |
| 260 |
_a[S.l.] : _bMcGraw-Hill, _c1970. |
||
| 300 | _a542 p. | ||
| 520 | _aAn introduction for applied scientists and engineers. | ||
| 856 | 4 | 0 |
_3Amazon.com _uhttp://www.amazon.com/exec/obidos/ASIN/B0006C0DKE/chopaconline-20 |
| 999 |
_c12968 _d12968 |
||